Allenatori più vincenti della storia del Real Madrid - Statistics

Statistiche generali
  • Questo quiz è stato fatto 68 volte
  • Il punteggio medio è 3 su 9
Statistiche sulle risposte
Nazione Periodo Totale trofei Trofei vinti Allenatore % Corretto
Italia 2013-2015; 2021-2025 15 2 Campionato spagnolo; 2 Coppe del Re; 2 Supercoppa di Spagna; 3 UEFA Champions League; 3 Supercoppe UEFA; 3 Coppe del mondo per club FIFA Carlo Ancelotti
98%
Francia 2016-2018; 2019-2021 11 2 Campionati spagnoli; 2 Supercoppe di Spagna; 3 UEFA Champions League; 2 Supercoppe UEFA; 2 Coppe del mondo per club FIFA Zinédine Zidane
94%
Portogallo 2010-2013 3 1 Campionato spagnolo; 1 Coppa del Re; 1 Supercoppa di Spagna José Mourinho
72%
Spagna 1994; 1996; 1999-2003 7 2 Campionati spagnoli; 1 Supercoppa di Spagna; 2 UEFA Champions League; 1 Supercoppa UEFA; 1 Coppa Intercontinentale Vicente Del Bosque
52%
Spagna 1959,1960-74 14 9 Campionati spagnoli, 2 Coppe del Re; 2 Coppe dei Campioni; 1 Coppa Intercontinenatale Miguel Muñoz
14%
Spagna 1974; 1977-1979; 1982; 1985-1986 9 3 Campionati spagnoli; 3 Coppe del Re; 1 Coppa della Liga; 2 Coppe UEFA Luis Molowny
8%
Argentina 1957-1959; 1959 3 1 Campionato spagnolo; 2 UEFA Champions League Luis Carniglia
6%
Inghilterra 1910-1920 5 5 Coppe del Re Arthur Johnson
3%
Jugoslavia / Macedonia del Nord 1974-1977 3 2 Campionati spagnoli; 1 Coppa del Re Miljan Miljanić
2%
Nessun quiz corrispondente trovato
Distribuzione punteggi
Percentuale di utenti per punteggio
Percentile per numero di risposta
I tuoi punteggi nel tempo
Non hai fatto questo quiz